ბათუმის შოთა რუსთაველის სახელმწიფო უნივერსიტეტის ბიბლიოთეკა

Древняя Эбла : (ბიბ.ჩანაწერი № 61099)

000 -LEADER
fixed length control field 00625nam a22001817a 4500
005 - DATE AND TIME OF LATEST TRANSACTION
control field 20231219150857.0
008 - FIXED-LENGTH DATA ELEMENTS--GENERAL INFORMATION
fixed length control field 231219s1985 ru ||||| |||| 00| 0 rus d
041 ## - LANGUAGE CODE
Language code of text/sound track or separate title rus
080 ## - UNIVERSAL DECIMAL CLASSIFICATION NUMBER
Universal Decimal Classification number 902.6 Д-73
100 ## - MAIN ENTRY--PERSONAL NAME
Personal name Дьяконов, И.М.
9 (RLIN) 15414
245 ## - TITLE STATEMENT
Title Древняя Эбла :
Remainder of title (Раскопки в Сирии) /
Statement of responsibility, etc. И.М. Дьяконов.
264 ## - PRODUCTION, PUBLICATION, DISTRIBUTION, MANUFACTURE, AND COPYRIGHT NOTICE
Place of production, publication, distribution, manufacture М.:
Name of producer, publisher, distributor, manufacturer «Прогресс»
Date of production, publication, distribution, manufacture, or copyright notice 1985.
300 ## - PHYSICAL DESCRIPTION
Extent 368 с.;
Other physical details 21 см.
653 ## - INDEX TERM--UNCONTROLLED
keyword უძველესი ებლა
653 ## - INDEX TERM--UNCONTROLLED
keyword არქეოლოგია
653 ## - INDEX TERM--UNCONTROLLED
keyword გათხრები სირიაში
942 ## - ADDED ENTRY ELEMENTS (KOHA)
Source of classification or shelving scheme
Koha item type წიგნი
ეგზემპლარები
Withdrawn status Lost status Source of classification or shelving scheme Damaged status Not for loan Permanent Location Current Location Shelving location Date acquired Cost, normal purchase price Full call number Barcode Date last seen Copy number Uniform Resource Identifier Price effective from Koha item type Public note
          ბათუმის შოთა რუსთაველის სახელმწიფო უნივერსიტეტის მთავარი ბიბლიოთეკა ბათუმის შოთა რუსთაველის სახელმწიფო უნივერსიტეტის მთავარი ბიბლიოთეკა წიგნსაცავი 2023-12-19 7.00 902.6 Д-73 65616 2023-12-19 65616 ბსუ-ს საპატიო დოქტორის გურამ ლორთქიფანიძის საჩუქარი 2023-12-19 წიგნი 7 ლ.